00621nam a22001817a 4500001000700000003000900007005001700016007000700033008005000040020001600090040002200106100002800128245011600156260003700272300003200309585007100341700002700412240036DO-SdBNP20160525145718.0240036160328b 1992 nyu xxu||||| |||| 00| 0 spa d a0590477358  aBPMSUbspacBPMSU1 aMcKissack, Patricia C. 10aThe dark-thirty : bSouthern tales of the supernatural /cPatricia C. McKissack ; illustrated by Brian Pinkney. aNew York :bScholastic, c1992. aiv, 122 p. :bil. ;c27 cm. 3 Newbery Honor Book, 1993. Coretta Scott King Award, author, 1993.12aPinkney, Brian, eil.